Ennemis Mario de A-Z - Statistiques

Statistiques générales
  • Ce quiz a été pris 156 fois
  • Le résultat moyen est 11 sur 26
Statistiques - réponses
Lettre Indice Réponse % Correct
B Fantôme très Timide Boo
99%
R Antagoniste Principal de la Série Luigi's Mansion Roi Boo
99%
G Champignon Marron, ennemi Iconique de la Série Goomba
82%
Q Il n'existe aucun Ennemi Mario en Q, Ecrit Q pour avoir le point Q
76%
K Koopa à la Robe Bleue possédant des Pouvoirs Magiques Kamek
69%
S Kooopa Troopa Skelette Skelerex
65%
I Quatrième Né des Koopalings Iggy
63%
A Antagoniste Principal de Super Mario Sunshine Antimario
58%
L Koopa Volant aux Lunettes d'Aviateur Lakitu
55%
C Petit Lapin Violet prêt à nous voler à tout moment Carottin
52%
H Koopa Quadrupède à la Carapace Piquante Rouge Hériss
51%
T Mur aux Bords Piquants Thwomp
45%
F Petite Boule de Pics Noire Fuzzy
36%
X Chomp Xhampifié Xhomp
35%
E Chein Fantôme qui Adore l'Or Ectochien
31%
P Antagoniste Principale de Mario & Luigi : Les Frères du Temps. Princesse Xhampi
28%
O Cheep-Cheep Skelette, Ses Yeux Jaunes virent au Rouge quand il repère Mario Ossec
27%
D Antagoniste Principal de Super Paper Mario et l'un des 4 Serviteurs de Comte Niark Dimensio
24%
W Crapaud Antagoniste Principal de Super Mario Bros 2 Wart
24%
M Statue de Pierre Possèdant des Lunettes de Soleil aux Dons Impréssionants Ma'Tuvu
12%
N Petite Plante Piranha Blanche Nipper
11%
V Gros Oval Bleu Cornu Voyou
6%
Z Zuituzèc Momifié Zuituzèc momifié
6%
J Grosse Méduse Blanche présente Exclusivement dans les Super Mario Galaxy Jammyfish
2%
U Oursin apparu dans Super Mario Land 2: 6 Golden Coins Unibô
1%
Y Shuriken apparu dans Super Mario Land 2: 6 Golden Coins Yasichi
0%
Aucun quiz correspondant
Distribution des résultats
% des personnes avec chaque résultat
Percentile par nombre de réponses
Votre historique - résultats
Vous n’avez pas pris ce quiz